000 00712nam a22001937a 4500
999 _c61477
_d61477
005 20240318165817.0
008 240318s1963 ru ||||| |||| 00| 0 rus d
041 _arus
080 _a902.6 Б-68
100 _aБлаватский, В.Д.
_920141
245 _aОткрытие затонувшего мира /
_c В. Д. Блаватский, Г. А. Кошеленко/
264 _aМ.:
_bИзд-во АН СССР,
_c1963.
300 _a106 c.:
_bил.;
_c20 см.
440 _aНаучно-популярная серия
_920761
653 _aისტორია
653 _aარქეოლოგია
700 _aКошеленко, Г.А.
_eავტორი
_920824
942 _2udc
_cBK